| 000 | 00670nam a22001937a 4500 | ||
|---|---|---|---|
| 999 |
_c182134 _d182134 |
||
| 005 | 20211026141823.0 | ||
| 010 | _aENG-130074 | ||
| 020 |
_a978-93-89624-41-0 _c299.00 |
||
| 035 | _aEN-113606 | ||
| 037 | _bDBAD/PUB | ||
| 082 | _aN | ||
| 100 | _aNaikar, Basavaraj | ||
| 245 |
_aThe Sun of Freedom: _b(A Historical Novel About the 1857-58 Mutiny at Naragund)/ _cby Basavaraj Naikar |
||
| 250 | _a2020 | ||
| 260 |
_bVishwakarma Publications _c2020 _aMaharashtra |
||
| 270 |
_a34A/1, Suyog Center, 7th floor, Gultekedi Marketyard Road, Giridhar Bhavan Chowk, _e411037 _bPune _minfo@vpindia.co.in _k9168682200 |
||
| 300 |
_a240p. _c22cm (pbk) |
||
| 942 |
_2ddc _cEN _hN _mnai |
||